Normal view
MARC view
Entry Personal Name
001 - CONTROL NUMBER
- control field: 15759
003 - CONTROL NUMBER IDENTIFIER
- control field: ARRUPE
005 - DATE AND TIME OF LATEST TRANSACTION
- control field: 20150304164755.0
008 - FIXED-LENGTH DATA ELEMENTS
- fixed length control field: 150304|| aca||aabn | a|a d
040 ## - CATALOGING SOURCE
- Original cataloging agency: ARRUPE
- Transcribing agency: ARRUPE
100 ## - HEADING--PERSONAL NAME
- Personal name: Mott, N.F.
670 ## - SOURCE DATA FOUND
- Source citation: Work cat.: (ARRUPE): Mott, N.F., The Theory of atomic collisions , 1949